LEADER 00990nam2-22003251i-450- 001 990000868360403321 005 20001010 035 $a000086836 035 $aFED01000086836 035 $a(Aleph)000086836FED01 035 $a000086836 100 $a20001010d--------km-y0itay50------ba 101 0 $aita 105 $ay-------001yy 200 1 $a1 : pt. 1 : Teoria degli Insiemi. 563 p.pt. 2 : Teoria degli Insiemi. 617 p. 205 $a3. ed. 210 $aTorino$cEditrice Tirrenia$d1974 215 $a1 v. in due parti$d24 cm 300 $aLa bibl. poss. n. 2 copie per ogni parte 461 0$1001000083475$12001$aTopologia generale 676 $a514.322 700 1$aDemaria,$bCarlo Davide$0344346 801 0$aIT$bUNINA$gRICA$2UNIMARC 901 $aBK 912 $a990000868360403321 952 $a000086836000001$fFINBN 959 $aFINBN 996 $a1 : pt. 1 : Teoria degli Insiemi. 563 p.pt. 2 : Teoria degli Insiemi. 617 p$9349327 997 $aUNINA DB $aING01 LEADER 01245nam a2200325 i 4500 001 991001190509707536 005 20020507184927.0 008 940330s1985 de ||| | eng d 020 $a3540152253 035 $ab10813408-39ule_inst 035 $aLE01308452$9ExL 040 $aDip.to Matematica$beng 082 0 $a513.4 084 $aAMS 49D (1985) 084 $aAMS 65N 084 $aAMS 76D 100 1 $aBrezzi, Franco$030970 245 10$aNumerical methods in fluid dynamics :$blectures given at the 3rd 1983 session of the Centro internazionale matematico estivo (C.I.M.E.) held at Como, Italy, July 7-15, 1983 /$ced. F. Brezzi 260 $aBerlin ; New York :$bSpringer-Verlag,$c1985 300 $av, 333 p. :$bill. ;$c24 cm. 490 0 $aLecture notes in mathematics,$x0075-8434 ;$v1127 500 $aBibliography: p. 323-324 650 4$aFluid dynamics 650 4$aNumerical analysis 907 $a.b10813408$b23-02-17$c28-06-02 912 $a991001190509707536 945 $aLE013 65N BRE11 (1985)$g1$i2013000141572$lle013$o-$pE0.00$q-$rl$s- $t0$u1$v0$w1$x0$y.i10919089$z28-06-02 996 $aNumerical methods in fluid dynamics$9924793 997 $aUNISALENTO 998 $ale013$b01-01-94$cm$da $e-$feng$gxx $h0$i1